[Event "Guernsey Open"]
[Site "Guernsey"]
[Date "2009.10.20"]
[Round "3"]
[White "Van Veenendaal, Elmer"]
[Black "Williams, Peter A"]
[Result "1-0"]
[WhiteElo "2120"]
[BlackElo "1961"]
[PlyCount "99"]
[EventDate "2009.10.18"]

1. d4 d5 2. Nf3 Nf6 3. c4 c6 4. Nc3 dxc4 5. a4 Bf5 6. e3 e6 7. Bxc4 Bb4 8. O-O
O-O 9. h3 Nbd7 10. Qe2 Qc7 11. Nh4 Bg6 12. Nxg6 hxg6 13. Bd2 e5 14. Rac1 Qb6
15. Qd3 Kh7 16. Rfd1 Rad8 17. Ba2 exd4 18. exd4 Bd6 19. Be3 a6 20. Qc2 Qc7 21.
Ne4 Nxe4 22. Qxe4 Nf6 23. Qh4+ Kg8 24. Qg5 Nd5 25. Bxd5 Bh2+ 26. Kh1 Rxd5 27.
Qxd5 cxd5 28. Rxc7 Bxc7 29. Rc1 Bd6 30. g3 Re8 31. Kg2 f5 32. Kf3 Kf7 33. Rc2
Kf6 34. Rc3 Re7 35. Rb3 Rc7 36. Rb6 Rc6 37. Rxb7 Be7 38. h4 Ke6 39. b4 Rc4 40.
Rb6+ Kf7 41. Rxa6 Rxb4 42. Ra7 Ke6 43. a5 Bf6 44. a6 Ra4 45. g4 Bxd4 46. Bxd4
Rxd4 47. g5 Rxh4 48. Rxg7 f4 49. Rxg6+ Kf5 50. Rh6 1-0

[Event "Guernsey Open"]
[Site "Guernsey"]
[Date "2009.10.20"]
[Round "3"]
[White "Dennis, Nigel W"]
[Black "Minnican, Alan William"]
[Result "0-1"]
[WhiteElo "1957"]
[BlackElo "2105"]
[PlyCount "164"]
[EventDate "2009.10.18"]

1. e4 e5 2. Nf3 Nc6 3. Bb5 Nf6 4. O-O Nxe4 5. d4 Nd6 6. Bxc6 dxc6 7. dxe5 Nf5
8. Qxd8+ Kxd8 9. Bg5+ Ke8 10. h3 h6 11. Bf4 Be7 12. Nc3 Be6 13. a3 Rd8 14. Rad1
a6 15. Rd2 Rxd2 16. Nxd2 Nd4 17. Rc1 Bf5 18. Nb3 Nxc2 19. Na5 Nd4 20. Nxb7 Nb3
21. Re1 Bc8 22. Nd6+ cxd6 23. exd6 Be6 24. dxe7 Kxe7 25. Rd1 Rd8 26. Rxd8 Kxd8
27. Be3 Kd7 28. Na4 Kd6 29. f3 Na5 30. Nc5 Nc4 31. Nxe6 Kxe6 32. Bd4 g6 33. Kf2
Kd5 34. Bg7 h5 35. Ke2 Nd6 36. g4 hxg4 37. fxg4 Ke4 38. Kf2 Kf4 39. Bh6+ g5 40.
Bg7 Ne4+ 41. Kg2 f6 42. Bf8 Ke3 43. Be7 Kf4 44. Bd8 Ke5 45. Bc7+ Ke6 46. Ba5
Nc5 47. Kf3 Nd3 48. Bc3 Nf4 49. h4 Ng6 50. h5 Nh8 51. Bb4 Nf7 52. Bf8 Ne5+ 53.
Kg3 Kf7 54. Bb4 Nd3 55. Bc3 Nf4 56. Kf3 Nd5 57. Ke4 Ne7 58. Bb4 Ng8 59. Kf3 Nh6
60. Bd6 Ng8 61. b4 Nh6 62. a4 Ke8 63. Bc5 Kf7 64. Bd4 Ke6 65. Bc5 Kf7 66. Bd6
Ke8 67. Ke4 Kf7 68. Kd4 Nxg4 69. Kc5 Ne5 70. Kd4 Nd7 71. Ke4 Ke6 72. h6 f5+ 73.
Kd4 Kf7 74. h7 Kg7 75. Be7 g4 76. Kc4 Kxh7 77. b5 cxb5+ 78. axb5 axb5+ 79. Kxb5
g3 80. Bh4 f4 81. Kc4 Kg6 82. Kd3 Kh5 0-1

[Event "Guernsey Open"]
[Site "Guernsey"]
[Date "2009.10.20"]
[Round "3"]
[White "Purdon, Colin"]
[Black "Downey, Keith"]
[Result "0-1"]
[WhiteElo "2102"]
[BlackElo "1931"]
[PlyCount "80"]
[EventDate "2009.10.18"]

1. d4 Nf6 2. c4 e6 3. Nc3 Bb4 4. e3 O-O 5. Bd3 d5 6. Nf3 c5 7. O-O Nc6 8. a3
Bxc3 9. bxc3 dxc4 10. Bxc4 Qc7 11. h3 b6 12. Bb2 Rd8 13. Ba2 c4 14. Qc2 Na5 15.
e4 Bb7 16. Rae1 b5 17. Bb1 g6 18. Bc1 Ne8 19. Bh6 Nc6 20. e5 Ne7 21. Ng5 Nf5
22. g4 Nxh6 23. Qd2 Kg7 24. f4 Nf5 25. gxf5 exf5 26. e6 Qc6 27. Kh2 f6 28. Nf3
Kh8 29. Re2 Rac8 30. Qe1 Rc7 31. Qh4 Rd6 32. Qh6 Rg7 33. e7 Kg8 34. Re3 Re6 35.
Rfe1 Rxe3 36. Rxe3 Qd7 37. Nh4 Rxe7 38. Nxg6 hxg6 39. Qxg6+ Ng7 40. Bxf5 Qxf5
0-1

[Event "Guernsey Open"]
[Site "Guernsey"]
[Date "2009.10.20"]
[Round "3"]
[White "Paardekam, Rene"]
[Black "Muller, Anton"]
[Result "1/2-1/2"]
[WhiteElo "2072"]
[BlackElo "1951"]
[PlyCount "46"]
[EventDate "2009.10.18"]

1. d4 Nf6 2. c4 g6 3. Nc3 d5 4. Bg5 Ne4 5. Bf4 Nxc3 6. bxc3 Bg7 7. Nf3 c5 8. e3
Nc6 9. cxd5 Qxd5 10. Qa4 O-O 11. Bc4 Qd8 12. O-O Bg4 13. Ne5 Nxe5 14. Bxe5 Bxe5
15. dxe5 Qd7 16. Qxd7 Bxd7 17. Rfd1 Bc6 18. Bd5 Rfd8 19. Bxc6 bxc6 20. Kf1 Kf8
21. Rxd8+ Rxd8 22. Ke2 Rb8 23. Rd1 Ke8 1/2-1/2

[Event "Guernsey Open"]
[Site "Guernsey"]
[Date "2009.10.20"]
[Round "3"]
[White "Wood, Peter C"]
[Black "Thurlow, Kevin J"]
[Result "0-1"]
[WhiteElo "1914"]
[BlackElo "2070"]
[PlyCount "48"]
[EventDate "2009.10.18"]

1. c4 Nf6 2. Nc3 c5 3. Nf3 e6 4. e4 d6 5. d4 cxd4 6. Qxd4 Nc6 7. Qe3 Be7 8. g3
O-O 9. Bg2 d5 10. cxd5 exd5 11. Nxd5 Nxd5 12. exd5 Bb4+ 13. Kf1 Qxd5 14. Bd2
Bg4 15. Bxb4 Nxb4 16. Nd4 Qc4+ 17. Kg1 Rad8 18. a3 Nd3 19. b3 Rfe8 20. Be4 Qxd4
21. Qxd3 Qxd3 22. Bxd3 Bf3 23. Bf1 Bxh1 24. Kxh1 Rd2 0-1

[Event "Guernsey Open"]
[Site "Guernsey"]
[Date "2009.10.20"]
[Round "3"]
[White "Prins, Jan"]
[Black "Campbell, Eoin"]
[Result "1-0"]
[WhiteElo "2069"]
[BlackElo "1910"]
[PlyCount "91"]
[EventDate "2009.10.18"]

1. d4 Nf6 2. Nf3 g6 3. c4 Bg7 4. Nc3 d5 5. e3 O-O 6. b4 c6 7. Bb2 a5 8. a3 axb4
9. axb4 Rxa1 10. Qxa1 Be6 11. c5 Nbd7 12. Bd3 b6 13. Ne2 Qa8 14. O-O Qxa1 15.
Rxa1 bxc5 16. bxc5 Rb8 17. Bc1 Ne4 18. Rb1 Rxb1 19. Bxb1 Nb8 20. Nd2 Nxd2 21.
Bxd2 Bc8 22. f4 Bf5 23. Bxf5 gxf5 24. Nc1 Kf8 25. Ba5 Ke8 26. Nd3 Kd7 27. Kf2
Kc8 28. h3 Nd7 29. Nb4 Kb7 30. Bd8 e6 31. g4 fxg4 32. hxg4 Nf6 33. Bxf6 Bxf6
34. Kg3 Kc7 35. g5 Bg7 36. Kg4 Kd7 37. Nd3 Ke7 38. Ne1 h6 39. Nf3 hxg5 40. fxg5
f6 41. gxf6+ Bxf6 42. Ne5 Bxe5 43. dxe5 Kf7 44. Kh5 Kg7 45. Kg5 Kf7 46. Kh6 1-0

[Event "Guernsey Open"]
[Site "Guernsey"]
[Date "2009.10.20"]
[Round "3"]
[White "Brooker, Chris H"]
[Black "Morris Hill, Ray"]
[Result "0-1"]
[WhiteElo "1866"]
[BlackElo "2048"]
[PlyCount "76"]
[EventDate "2009.10.18"]

1. f4 d6 2. Nf3 Bg4 3. e3 g6 4. Be2 Bg7 5. d3 Nf6 6. e4 Nc6 7. O-O Bxf3 8. Rxf3
Nd4 9. Rf1 c5 10. c3 Nxe2+ 11. Qxe2 O-O 12. Nd2 Nd7 13. f5 e6 14. fxg6 hxg6 15.
Qg4 Ne5 16. Qh3 d5 17. Nf3 Nxf3+ 18. Rxf3 dxe4 19. dxe4 Qd1+ 20. Rf1 Qe2 21.
Qe3 Qc4 22. Qf3 Rad8 23. Bg5 f6 24. b3 Qd3 25. Bh4 Qxf3 26. Rxf3 g5 27. Be1 Rd7
28. Kf2 Rfd8 29. Ke2 Kh7 30. g4 Kg6 31. Rb1 Bf8 32. h3 b5 33. Rc1 c4 34. h4
gxh4 35. Bxh4 Be7 36. Rcf1 Rd2+ 37. Ke3 R8d3+ 38. Kf4 Bd6+ 0-1

[Event "Guernsey Open"]
[Site "Guernsey"]
[Date "2009.10.20"]
[Round "3"]
[White "Pickersgill, Adrian"]
[Black "Lenier, Jude"]
[Result "1-0"]
[WhiteElo "2024"]
[BlackElo "1828"]
[PlyCount "61"]
[EventDate "2009.10.18"]

1. e4 e5 2. Bb5 Nf6 3. d4 c6 4. dxe5 Nxe4 5. Bd3 Nc5 6. Nf3 d5 7. O-O Bg4 8.
Be2 Nbd7 9. Bf4 Ne6 10. Bg3 Bc5 11. Nbd2 O-O 12. h3 Bh5 13. c3 Bb6 14. Re1 f6
15. exf6 Qxf6 16. Qa4 Rae8 17. Qh4 Qxh4 18. Nxh4 Nf4 19. Bg4 Ne5 20. Nhf3 Nxf3+
21. Nxf3 Rxe1+ 22. Rxe1 Nxh3+ 23. Bxh3 Bxf3 24. gxf3 Rxf3 25. Kg2 Rf6 26. Be6+
Kh8 27. Bxd5 h5 28. Re8+ Kh7 29. Be4+ g6 30. Re7+ Kg8 31. Rxb7 1-0

[Event "Guernsey Open"]
[Site "Guernsey"]
[Date "2009.10.20"]
[Round "3"]
[White "Brookfield, Toby"]
[Black "Spanton, Timothy"]
[Result "1/2-1/2"]
[WhiteElo "1779"]
[BlackElo "2009"]
[PlyCount "104"]
[EventDate "2009.10.18"]

1. f4 g6 2. Nf3 d5 3. e3 Bg7 4. Be2 c5 5. O-O Nc6 6. d3 e6 7. Kh1 Nge7 8. Qe1
b6 9. e4 dxe4 10. dxe4 Nd4 11. Bd1 Ba6 12. Rf2 Nec6 13. c3 Nxf3 14. Bxf3 e5 15.
Na3 O-O 16. f5 gxf5 17. exf5 e4 18. Be2 Bd3 19. f6 Bxf6 20. Bh6 Bg7 21. Bxg7
Kxg7 22. Rd1 Ne5 23. Rf5 Ng6 24. Bxd3 exd3 25. Qg3 Re8 26. Rxd3 Re1+ 27. Qxe1
Qxd3 28. Qf1 Qxf1+ 29. Rxf1 Re8 30. Kg1 Ne5 31. Nb5 Nd3 32. Nd6 Re1 33. Rxe1
Nxe1 34. Nc8 Nd3 35. b3 Nc1 36. Nxa7 Nxa2 37. c4 Nc1 38. Nc8 Nxb3 39. Nxb6 Kf6
40. Kf2 Ke5 41. Ke3 Na5 42. Kd3 h5 43. Nd7+ Kd6 44. Nf6 h4 45. Ne4+ Ke5 46.
Nxc5 Kf4 47. Ne4 Nxc4 48. g3+ hxg3 49. hxg3+ Ke5 50. Ng5 f6 51. Nh7 Nb2+ 52.
Kc2 Nc4 1/2-1/2

[Event "Guernsey Open"]
[Site "Guernsey"]
[Date "2009.10.20"]
[Round "3"]
[White "Goris Schouwstra, Adry"]
[Black "Van Ingen, Ton"]
[Result "1/2-1/2"]
[WhiteElo "1952"]
[BlackElo "2068"]
[PlyCount "49"]
[EventDate "2009.10.18"]

1. d4 Nf6 2. Nf3 e6 3. e3 d5 4. Be2 Nbd7 5. O-O c6 6. c4 Bd6 7. Nbd2 O-O 8.
cxd5 exd5 9. Bd3 Re8 10. Re1 Ne4 11. Nf1 f5 12. a3 Ndf6 13. h3 g5 14. Ne5 Bxe5
15. dxe5 Rxe5 16. f3 Nd6 17. Bd2 Re7 18. Bc3 Qf8 19. Bb4 Nfe8 20. Qc2 Bd7 21.
e4 dxe4 22. fxe4 a5 23. Bc5 fxe4 24. Bxe4 Qf6 25. Bd3 1/2-1/2

[Event "Guernsey Open"]
[Site "Guernsey"]
[Date "2009.10.20"]
[Round "3"]
[White "De Kruif, Kees"]
[Black "Cummins, John"]
[Result "1-0"]
[WhiteElo "2053"]
[BlackElo "1898"]
[PlyCount "51"]
[EventDate "2009.10.18"]

1. b4 d6 2. Bb2 e5 3. e3 Nf6 4. b5 Be7 5. Be2 Nbd7 6. a3 O-O 7. d3 c6 8. Nf3
Qc7 9. Nc3 b6 10. O-O Bb7 11. Nh4 g6 12. f4 e4 13. dxe4 Nxe4 14. Nxe4 Bxh4 15.
Qd4 f6 16. Qxd6 Qd8 17. g3 f5 18. Qe6+ Rf7 19. Nd6 Qe7 20. Qxf7+ Qxf7 21. Nxf7
Kxf7 22. gxh4 Re8 23. Rfd1 Bc8 24. Rd3 c5 25. Rad1 Re7 26. Kf2 1-0

[Event "Guernsey Open"]
[Site "Guernsey"]
[Date "2009.10.20"]
[Round "3"]
[White "Fassaert, Desire"]
[Black "Maruejols, Claude"]
[Result "0-1"]
[WhiteElo "1948"]
[BlackElo "2052"]
[PlyCount "76"]
[EventDate "2009.10.18"]

1. Nf3 Nf6 2. d4 g6 3. Bf4 Bg7 4. Nbd2 d5 5. h3 O-O 6. e3 b6 7. c3 Bb7 8. Be2
Nbd7 9. Ne5 Rc8 10. Qa4 a6 11. O-O c5 12. Nxd7 Nxd7 13. Nf3 b5 14. Qd1 Qb6 15.
Qd2 a5 16. a3 a4 17. Rac1 Rfd8 18. Rfd1 e6 19. Bf1 f6 20. Be2 Rc6 21. Qd3 c4
22. Qc2 Rcc8 23. Bg3 Rf8 24. Nd2 e5 25. f4 Bh6 26. Nf1 exf4 27. Bxf4 g5 28. Bh2
f5 29. Bf3 Qe6 30. Re1 Nf6 31. Be5 Rce8 32. Bxf6 Rxf6 33. Qf2 Kh8 34. Kh1 g4
35. Bd1 gxh3 36. gxh3 f4 37. Bg4 Qe4+ 38. Bf3 fxe3 0-1

[Event "Guernsey Open"]
[Site "Guernsey"]
[Date "2009.10.20"]
[Round "3"]
[White "Burton, Ronnie"]
[Black "De Kleijnen, Henk J"]
[Result "1/2-1/2"]
[WhiteElo "2036"]
[BlackElo "1944"]
[PlyCount "51"]
[EventDate "2009.10.18"]

1. d4 d5 2. Nf3 e6 3. e3 Nf6 4. Bd3 Bd6 5. Nbd2 Nbd7 6. O-O O-O 7. c4 c6 8. Rb1
a5 9. b3 Re8 10. Bb2 e5 11. dxe5 Nxe5 12. Nxe5 Bxe5 13. Nf3 Bxb2 14. Rxb2 Bg4
15. h3 Bxf3 16. Qxf3 dxc4 17. Bxc4 Qe7 {(=)} 18. Rd1 Red8 19. Rbd2 Rxd2 20.
Rxd2 Rd8 21. Qd1 Rxd2 22. Qxd2 Qc7 23. a4 b6 24. Qd4 c5 25. Qd3 Qd7 26. Qxd7
1/2-1/2

[Event "Guernsey Open"]
[Site "Guernsey"]
[Date "2009.10.20"]
[Round "3"]
[White "Livesey, Nigel"]
[Black "Kamps, Jacques"]
[Result "0-1"]
[WhiteElo "1921"]
[BlackElo "2033"]
[PlyCount "122"]
[EventDate "2009.10.18"]

1. c4 c5 2. Nc3 Nc6 3. g3 g6 4. Bg2 Bg7 5. a3 a5 6. Nf3 e5 7. d3 Nge7 8. Bd2 d6
9. O-O O-O 10. Rb1 h6 11. Ne1 Be6 12. Nc2 d5 13. cxd5 Nxd5 14. Ne3 Nde7 15. Ne4
b6 16. b4 axb4 17. axb4 f5 18. b5 Nd4 19. Nc3 Ra7 20. Nc4 e4 21. f3 exd3 22.
exd3 Rd7 23. Qc1 Nd5 24. Re1 Nb4 25. Nb2 Nb3 26. Qd1 Bf7 27. Bf1 Bd4+ 28. Kh1
Qf6 29. Nca4 Nxd2 30. Qxd2 Kg7 31. Nc4 Nd5 32. Nab2 Bc3 33. Qc2 Bxe1 34. Rxe1
Re8 35. Rxe8 Bxe8 36. f4 Ra7 37. Ne5 Ne3 38. Qf2 Nxf1 39. Qxf1 Bxb5 40. Nbc4
Bc6+ 41. Kg1 b5 42. Ne3 Qd6 43. h4 Qd4 44. Qf2 Ra1+ 45. Nf1 Qxf2+ 46. Kxf2 Be8
47. Ne3 b4 48. N5c4 Ra2+ 49. Ke1 Ba4 50. Nd5 Bc6 51. Nde3 Bf3 52. Nd2 Ra1+ 53.
Kf2 Bd1 54. Nxd1 Rxd1 55. Ke2 Rxd2+ 56. Kxd2 Kf6 57. Kc2 Ke6 58. h5 gxh5 59.
Kb3 Kd5 60. Kc2 Kd4 61. Kd2 b3 0-1

[Event "Guernsey Open"]
[Site "Guernsey"]
[Date "2009.10.20"]
[Round "3"]
[White "Murray, Steve"]
[Black "Heath, Jeffrey"]
[Result "1/2-1/2"]
[WhiteElo "1964"]
[BlackElo "1896"]
[PlyCount "43"]
[EventDate "2009.10.18"]

1. e4 d5 2. exd5 Qxd5 3. Nc3 Qa5 4. d4 c6 5. Nf3 Nf6 6. Bd2 Qc7 7. Bc4 Bf5 8.
Bb3 Nbd7 9. Qe2 e6 10. h3 h5 11. O-O-O O-O-O 12. Rhe1 Nb6 13. Bg5 Nbd5 14. Nxd5
cxd5 15. Ne5 Bb4 16. Bd2 Bxd2+ {(=)} 17. Rxd2 Ne4 18. Rd3 Qe7 19. Qe3 Kb8 20.
f3 Nd6 21. Rc3 Rc8 22. Rxc8+ 1/2-1/2

[Event "Guernsey Open"]
[Site "Guernsey"]
[Date "2009.10.20"]
[Round "3"]
[White "Reutimann, Hans Peter"]
[Black "Ippel, Cornelius J"]
[Result "1/2-1/2"]
[WhiteElo "1812"]
[BlackElo "2073"]
[PlyCount "100"]
[EventDate "2009.10.18"]

1. d4 e6 2. Nf3 d5 3. Bf4 c5 4. e3 Nc6 5. c3 Nf6 6. h3 Qb6 7. Qc2 Bd7 8. Nbd2
Rc8 9. Qb3 cxd4 10. Qxb6 axb6 11. exd4 Be7 12. Bd3 h6 13. O-O g5 14. Bg3 g4 15.
hxg4 Nxg4 16. Rae1 h5 17. Ne5 Ncxe5 18. Bxe5 Nxe5 19. Rxe5 b5 20. a3 h4 21. f4
f5 22. Rf3 Kd8 23. Re1 Bd6 24. Nb3 b6 25. Nc1 Kc7 26. Ne2 Rcg8 27. Kf2 Rg4 28.
b3 Rhg8 29. Rg1 Ra8 30. c4 bxc4 31. bxc4 dxc4 32. Bxc4 b5 33. Bb3 Rxa3 34. Rc1+
Kb6 35. Rcc3 Bc6 36. Rfe3 Rxg2+ 37. Kf1 Ra1+ 38. Nc1 Rg4 39. Rxe6 Rxf4+ 40. Ke2
Rxd4 41. Rf6 f4 42. Nd3 h3 43. Nb4 f3+ 44. Ke3 Rxb4 45. Rxd6 Re1+ 46. Kf2 Re2+
47. Kf1 h2 48. Rcxc6+ Kb7 49. Rb6+ Kc7 50. Rbc6+ Kb7 1/2-1/2

[Event "Guernsey Open"]
[Site "Guernsey"]
[Date "2009.10.20"]
[Round "3"]
[White "Henbest, Kevin"]
[Black "Rowe, Peter"]
[Result "0-1"]
[WhiteElo "1746"]
[BlackElo "2039"]
[PlyCount "104"]
[EventDate "2009.10.18"]

1. e4 d6 2. d4 Nf6 3. Nc3 Nbd7 4. Nf3 e5 5. Be2 Be7 6. O-O O-O 7. h3 c6 8. Be3
b5 9. a3 Qc7 10. Qd2 a6 11. Nh2 exd4 12. Bxd4 c5 13. Bxf6 Nxf6 14. Nd5 Nxd5 15.
exd5 Bf6 16. c3 Re8 17. Rae1 g6 18. Ng4 Bg7 19. Bf3 Bb7 20. Qg5 Qd8 21. Qf4 f5
22. Nh6+ Bxh6 23. Qxh6 Qf6 24. Re3 Re5 25. Rfe1 Rae8 26. h4 Qg7 27. Qf4 Kf8 28.
b4 cxb4 29. Qxb4 Rxe3 30. Rxe3 Rxe3 31. fxe3 Qe5 32. Qd4 Qxd4 33. exd4 Ke7 34.
Kf2 Kf6 35. Ke3 h6 36. Kd3 g5 37. hxg5+ hxg5 38. c4 g4 39. Be2 Kg5 40. c5 dxc5
41. d6 c4+ 42. Kc3 Kf6 43. g3 Ke6 44. a4 Kxd6 45. axb5 axb5 46. Kb4 Bc6 47. Bd1
Kd5 48. Kc3 b4+ 49. Kxb4 Kxd4 50. Bc2 Be4 51. Bd1 c3 52. Kb3 c2 0-1

[Event "Guernsey Open"]
[Site "Guernsey"]
[Date "2009.10.20"]
[Round "3"]
[White "Bridel, Jon"]
[Black "Nicholson, John"]
[Result "1/2-1/2"]
[WhiteElo "1647"]
[BlackElo "1882"]
[PlyCount "28"]
[EventDate "2009.10.18"]

1. b3 d5 2. Bb2 c5 3. e3 Nc6 4. Nf3 a6 5. Be2 e6 6. O-O Nf6 7. c4 d4 8. exd4
cxd4 9. d3 e5 10. Ba3 Bxa3 11. Nxa3 O-O 12. Qd2 Qd6 13. Nc2 Bf5 14. Nh4 Bd7
1/2-1/2

[Event "Guernsey Open"]
[Site "Guernsey"]
[Date "2009.10.21"]
[Round "4"]
[White "Mack, Wolfgang"]
[Black "Hillarp Persson, Tiger"]
[Result "0-1"]
[WhiteElo "2257"]
[BlackElo "2577"]
[PlyCount "80"]
[EventDate "2009.10.18"]

1. e4 c5 2. Nc3 a6 3. g3 b5 4. Bg2 Bb7 5. d3 e6 6. Nh3 b4 7. Ne2 d5 8. e5 Nc6
9. f4 Nge7 10. O-O Nf5 11. g4 Nh4 12. Ng3 Nxg2 13. Kxg2 Qd7 14. Qe1 O-O-O 15.
a3 a5 16. axb4 axb4 17. Kg1 f6 18. c3 d4 19. c4 Re8 20. Qe2 f5 21. Bd2 g6 22.
Kf2 Be7 23. Ke1 Kc7 24. Kf2 Ra8 25. Ng1 Na5 26. h3 h5 27. gxh5 gxh5 28. Nf3 h4
29. Nh1 Nb3 30. Rab1 Qc6 31. Kg2 Rag8+ 32. Kh2 Rg6 33. Ng5 Rhg8 34. Rg1 Bxg5
35. Rxg5 Qf3 36. Re1 Rxg5 37. fxg5 Qxe2+ 38. Rxe2 Nxd2 39. Rxd2 Rxg5 40. b3 Kd7
0-1

[Event "Guernsey Open"]
[Site "Guernsey"]
[Date "2009.10.21"]
[Round "4"]
[White "Kurajica, Bojan"]
[Black "Franklin, Samuel"]
[Result "1-0"]
[WhiteElo "2517"]
[BlackElo "2131"]
[PlyCount "45"]
[EventDate "2009.10.18"]

1. Nf3 Nf6 2. g3 g6 3. b3 Bg7 4. Bb2 O-O 5. Bg2 d6 6. d4 e5 7. dxe5 Nfd7 8. Nc3
dxe5 9. Qd2 c6 10. O-O-O Qa5 11. Kb1 f5 12. e4 f4 13. Bh3 Nc5 14. Bxc8 Rxc8 15.
gxf4 exf4 16. e5 Nbd7 17. Qd4 Qa6 18. b4 Rd8 19. bxc5 Nxe5 20. Qe4 Nc4 21. Qe6+
Kh8 22. Rxd8+ Rxd8 23. Ng5 1-0

[Event "Guernsey Open"]
[Site "Guernsey"]
[Date "2009.10.21"]
[Round "4"]
[White "Goater, Kevin"]
[Black "Van Voorthuijsen, Peewee"]
[Result "1-0"]
[WhiteElo "2168"]
[BlackElo "2300"]
[PlyCount "79"]
[EventDate "2009.10.18"]

1. g3 d5 2. Bg2 Nf6 3. d3 e6 4. Nd2 Be7 5. b3 O-O 6. Bb2 a5 7. c4 c6 8. a3 Na6
9. Ngf3 b5 10. O-O Nc5 11. Ne5 Bb7 12. Qc2 dxc4 13. dxc4 Rc8 14. Rfd1 Qc7 15.
Rac1 Qb8 16. Qc3 Ba8 17. Qe3 Rfd8 18. Bd4 Rxd4 19. Qxd4 bxc4 20. bxc4 a4 21.
Rb1 Qc7 22. Nd3 Nfd7 23. Nxc5 Bxc5 24. Qc3 Nf6 25. Ne4 Nxe4 26. Bxe4 f5 27. Bg2
f4 28. gxf4 Qxf4 29. Qg3 Qf6 30. e3 e5 31. Qf3 Qe7 32. Qg4 Rf8 33. Bh3 Kh8 34.
Rd7 Qf6 35. Qg3 h5 36. Bg2 h4 37. Qg4 Qh6 38. Be4 g6 39. Rbd1 Bxa3 40. Rd8 1-0

[Event "Guernsey Open"]
[Site "Guernsey"]
[Date "2009.10.21"]
[Round "4"]
[White "Korneev, Oleg"]
[Black "Collier, David O"]
[Result "1-0"]
[WhiteElo "2554"]
[BlackElo "2125"]
[PlyCount "41"]
[EventDate "2009.10.18"]

1. e4 c6 2. c4 d5 3. exd5 cxd5 4. cxd5 Nf6 5. Nc3 Nxd5 6. Nf3 e6 7. Bc4 Nxc3 8.
bxc3 Qc7 9. Qe2 Be7 10. O-O O-O 11. d4 Nd7 12. Bb3 Nf6 13. Re1 Qxc3 14. Bb2 Qb4
15. d5 Nxd5 16. Bxd5 exd5 17. a3 Qb3 18. Rab1 Bxa3 19. Bxg7 Qxb1 20. Rxb1 Kxg7
21. Qe3 1-0

[Event "Guernsey Open"]
[Site "Guernsey"]
[Date "2009.10.21"]
[Round "4"]
[White "Bellin, Robert"]
[Black "Thurlow, Kevin J"]
[Result "1-0"]
[WhiteElo "2388"]
[BlackElo "2070"]
[PlyCount "99"]
[EventDate "2009.10.18"]

1. d4 Nf6 2. Nf3 e6 3. e3 b6 4. Bd3 Bb7 5. O-O Be7 6. c4 Ne4 7. Qc2 f5 8. Nbd2
d5 9. cxd5 exd5 10. Ne5 O-O 11. f3 Nd6 12. b4 Bf6 13. Bb2 Qe7 14. Rac1 c6 15.
Rfe1 g6 16. Qb3 b5 17. f4 Nc4 18. Bc3 Nd7 19. Nxd7 Qxd7 20. Nf3 Rae8 21. Ne5
Qe6 22. Re2 Re7 23. Qc2 Rg7 24. Rf1 a6 25. Rf3 Qe8 26. Ref2 Bh4 27. g3 Bf6 28.
Rg2 Qc8 29. h3 Bxe5 30. fxe5 Rgf7 31. Qe2 Qe6 32. Rgf2 c5 33. bxc5 h5 34. Qe1
Qe7 35. c6 Bxc6 36. Bb4 Qg5 37. Bxf8 Rxf8 38. Rg2 Kh7 39. Qf2 Rh8 40. Rf4 Bd7
41. e4 dxe4 42. Bxc4 bxc4 43. d5 Qd8 44. Qa7 Kh6 45. g4 fxg4 46. Qe3 Kg7 47. e6
Be8 48. Qd4+ Kh7 49. hxg4 Qh4 50. Qxe4 1-0

[Event "Guernsey Open"]
[Site "Guernsey"]
[Date "2009.10.21"]
[Round "4"]
[White "Goessling, Guido"]
[Black "Prins, Jan"]
[Result "1/2-1/2"]
[WhiteElo "2277"]
[BlackElo "2069"]
[PlyCount "167"]
[EventDate "2009.10.18"]

1. e4 c6 2. Nc3 d5 3. f4 dxe4 4. Nxe4 g6 5. Nf3 Bg7 6. Bc4 Nh6 7. d4 b5 8. Bb3
a5 9. a3 O-O 10. O-O Nd7 11. c3 Qc7 12. Ne5 a4 13. Ba2 Kh8 14. Nxd7 Bxd7 15.
Nc5 Bg4 16. Qe1 Rae8 17. Bd2 Qa7 18. Qf2 Bc8 19. h3 e6 20. Rae1 Ng8 21. Kh2 Nf6
22. Bc1 Qc7 23. Nd3 Nd5 24. Kh1 Ba6 25. Nc5 Bc8 26. Re2 Kg8 27. Rfe1 Bh6 28.
Rf1 Bg7 29. Rfe1 Qd8 30. Bb1 Bd7 31. Ne4 Qc7 32. Qh4 Qd8 33. Qf2 Bc8 34. Qg3
Qc7 35. Qh4 Qe7 36. Qg3 Qc7 37. Rf2 Rd8 38. Nc5 Qd6 39. Bc2 Ne7 40. Rfe2 Nd5
41. Bb1 Bh6 42. Rf2 Bg7 43. Qf3 Rde8 44. Rfe2 Qd8 45. Bd2 Re7 46. Rf1 Ra7 47.
Bc1 Re7 48. g4 Qc7 49. Bd2 Qd8 50. Rg1 Ree8 51. Be1 Qb6 52. Nd3 Ba6 53. Rh2 Bb7
54. Nc5 Bc8 55. Bf2 Qc7 56. Bg3 f5 57. g5 Kf7 58. h4 Rh8 59. h5 Rhg8 60. Re1
Bf8 61. Nd3 Bd6 62. Ne5+ Bxe5 63. Rxe5 Bb7 64. Ba2 Re7 65. Qe2 c5 66. Kg1 cxd4
67. cxd4 Qc1+ 68. Qe1 Qxe1+ 69. Rxe1 Rc8 70. hxg6+ hxg6 71. Rh7+ Ke8 72. Rh8+
Kd7 73. Rxc8 Kxc8 74. Rc1+ Rc7 75. Rxc7+ Nxc7 76. Be1 Bd5 77. Bb1 Bc4 78. Kf2
Kd7 79. Bc2 Kd6 80. Bd1 Nd5 81. Bd2 Bb3 82. Bf3 Bc2 83. Bxd5 Kxd5 84. Ke3
1/2-1/2

[Event "Guernsey Open"]
[Site "Guernsey"]
[Date "2009.10.21"]
[Round "4"]
[White "Norman, Kenneth I"]
[Black "Bolt, Graham"]
[Result "1/2-1/2"]
[WhiteElo "2182"]
[BlackElo "2054"]
[PlyCount "86"]
[EventDate "2009.10.18"]

1. Nf3 g6 2. d4 Bg7 3. c4 d6 4. Nc3 Bg4 5. e3 c5 6. Be2 cxd4 7. Nxd4 Bxe2 8.
Ndxe2 Nf6 9. O-O O-O 10. Rb1 Nc6 11. b3 Qa5 12. Bb2 Rac8 13. a4 Nb4 14. Nf4
Rfd8 15. Qf3 Rd7 16. Rfd1 Rc6 17. h3 a6 18. e4 Rc8 19. Ncd5 Nbxd5 20. Nxd5 Nxd5
21. Bxg7 Kxg7 22. Rxd5 Qc7 23. Rbd1 e6 24. R5d4 f6 25. Qd3 Rcd8 26. Kh1 g5 27.
Qf3 b6 28. Qg4 Kf7 29. Qh5+ Kg7 30. R4d3 Qc5 31. h4 h6 32. hxg5 fxg5 33. Rh3
Rh8 34. Qg4 Qe5 35. Rd5 Qa1+ 36. Kh2 Qf6 37. e5 Qxf2 38. Qxe6 Qf4+ 39. Rg3 Rhd8
40. exd6 Rxd6 41. Rxd6 Rxd6 42. Qe7+ Kg6 43. Qe8+ Kg7 1/2-1/2

[Event "Guernsey Open"]
[Site "Guernsey"]
[Date "2009.10.21"]
[Round "4"]
[White "Van Dijk, Bram"]
[Black "Dijksterhuis, Rolf"]
[Result "1-0"]
[WhiteElo "2173"]
[BlackElo "2045"]
[PlyCount "53"]
[EventDate "2009.10.18"]

1. e4 e5 2. Nf3 Nf6 3. d3 Nc6 4. Bg5 Be7 5. Nc3 d6 6. h3 O-O 7. g3 h6 8. Be3
Be6 9. Bg2 d5 10. exd5 Nxd5 11. Qe2 Nxe3 12. fxe3 f5 13. O-O-O a5 14. d4 e4 15.
d5 exf3 16. Bxf3 Ne5 17. dxe6 Qc8 18. Nd5 Bd6 19. Nf4 Nxf3 20. Qxf3 Bxf4 21. e7
Re8 22. Qd5+ Kh7 23. exf4 Rxe7 24. Rhe1 Rxe1 25. Rxe1 Ra6 26. Re7 a4 27. Qf7
1-0

[Event "Guernsey Open"]
[Site "Guernsey"]
[Date "2009.10.21"]
[Round "4"]
[White "Bakker, Joop"]
[Black "Heppell, Ian N"]
[Result "0-1"]
[WhiteElo "1996"]
[BlackElo "2135"]
[PlyCount "132"]
[EventDate "2009.10.18"]

1. b3 e5 2. Bb2 Nc6 3. Nf3 e4 4. Nd4 Nxd4 5. Bxd4 c5 6. Bb2 d5 7. d4 Nf6 8. e3
cxd4 9. Qxd4 Be7 10. c4 O-O 11. cxd5 Qxd5 12. Bc4 Qg5 13. Nd2 Rd8 14. Qc3 b5
15. Be2 Be6 16. Kf1 Rac8 17. Qa5 Rc2 18. Ba3 Qe5 19. Rd1 Rxa2 20. Bd6 Rxa5 21.
Bxe5 Bb4 22. Bc7 Rxd2 23. Rxd2 Bxd2 24. Bxa5 Bxa5 25. Bxb5 Bxb3 26. Ke2 g6 27.
Rc1 Be6 28. Bc6 Bg4+ 29. Kf1 h5 30. h3 Be6 31. Ke2 Kf8 32. Ra1 Bc4+ 33. Kd1 Bb6
34. Kc2 Bd5 35. Bb5 Ke7 36. Rd1 Ke6 37. Kc3 Ke5 38. Kb4 g5 39. Rh1 Ng8 40. h4
g4 41. g3 Ne7 42. Rc1 Kd6 43. Bc4 Ke5 44. Kb5 Bc6+ 45. Kb4 a5+ 46. Kb3 Nd5 47.
Ba6 Kd6 48. Be2 a4+ 49. Kc4 Bc5 50. Rd1 Bb6 51. Ra1 f5 52. Bd1 f4 53. gxf4 g3
54. fxg3 Nxe3+ 55. Kb4 Nd5+ 56. Kc4 Bf2 57. Bxh5 Bxg3 58. Bg6 Nxf4 59. Rg1 Bxh4
60. Rg4 Nxg6 61. Rxg6+ Kd7 62. Rg7+ Be7 63. Rg1 a3 64. Ra1 Ke6 65. Kb3 Bd5+ 66.
Kc2 a2 0-1